000 02556nam a2200205Ia 4500
003 Ost
005 20260416102357.0
008 260416s9999||||xx |||||||||||||| ||und||
040 _cfsecg
041 _aara
082 _a338.5
100 _aغزلان، سعيد
_eمؤلف
245 0 _a الاقتصاد الجزئي 2 :
_bدروس و تمارين محلولة /
_c سعيد غزلان
260 _aالجزائر
_bجامعة الجزائر3: كلية العلوم الإقتصادية، العلوم التجارية وعلوم التسيير
_c2021
300 _a136 ورقة
_bايضاحات
_c30 سم
520 _aالفصل الاول: نظرية سلوك المنتج مقسم الى مفهوم الانتاج، دالة النتاج، توازن المنتج، دالة انتاج كوب دوقلاص Coob Douglas. الفصل الثاني: تكاليف الانتاج ( نفقات الانتاج) مقسم الى تكاليف النتائج فيالمدى القصير، تكاليف النتاج في المدى الطويل. الفصل الثالثّ: الايرادات و الارباح مقسم الى الايرادات، الربح، عتبة المردودية و عتبة الغلق. الفصل الرابع: سوق المنافسة الكاملة. الفصل الخامس: سوق الاحتكار التام. الفصل السادس: احتكار القلة. الفصل السابع: المنافسة الاحتكارية. الفصل الثامن: التوازن العام و اقتصاد الرفاهية.
653 _aالاقتصاد الجزئي
710 _aجامعة الجزائر3: كلية العلوم الإقتصادية، العلوم التجارية وعلوم التسيير
_eناشر علمي
942 _cHANDOUT
999 _c41275
_d41275